| 000 | 00960nam a2200217Ia 4500 | ||
|---|---|---|---|
| 999 |
_c34531 _d34531 |
||
| 001 | 281 | ||
| 003 | GE_BSU | ||
| 005 | 20201124131247.0 | ||
| 008 | 181216s2009||||ge |||||||||||||| ||geo|| | ||
| 040 | _cGE_BSU | ||
| 041 | _ageo | ||
| 080 | _a615.1(075.8) კ-37 | ||
| 100 |
_aჭუმბურიძე, ბ. _99749 |
||
| 245 |
_aფარმაცევტული ქიმია : _bსახელმძღვ. ფარმაციის ბაკალავრებისათვის / _cბ.ჭუმბურიძე ; რედ.: თ. ჩიკვილაძე, მ.ჯორჯიკია. |
||
| 264 |
_aთბილისი, _c2009. |
||
| 300 |
_a745 გვ. _bცხრ. _c22 სმ. |
||
| 653 | _aფარმაცევტული ქიმია | ||
| 700 |
_aჩიკვილაძე, თ. _eრედაქტორი _99750 |
||
| 700 |
_aჯორჯიკია. მ. _eრედაქტორი _99751 |
||
| 942 |
_cBK _2udc |
||